Political writings

Αποθηκεύτηκε σε:
Λεπτομέρειες βιβλιογραφικής εγγραφής
Κύριος συγγραφέας: Vitoria, Francisco
Άλλοι συγγραφείς: Pagden, Anthony (Επιμελητής έκδοσης), Lawrance, Jeremy (Επιμελητής έκδοσης)
Μορφή: Βιβλίο
Γλώσσα:English
Δημοσίευση: Cambridge : Cambridge University Press, 1991
Σειρά:Cambridge texts in the history of political thought
Θέματα:
Ετικέτες: Προσθήκη ετικέτας
Δεν υπάρχουν, Καταχωρήστε ετικέτα πρώτοι!

MARC

LEADER 00000nam a2200000 i 4500
001 1/92496
008 940127s1991 eng d
020 |a 0-521-36714-X 
035 |l 10008491 
040 |a GR-MY-UA  |b gre  |e aacr 
041 0 |a eng 
082 0 |a 303.3 
100 1 |a Vitoria, Francisco. 
245 1 0 |a Political writings /  |c Francisco de Vitoria ; Edited by Anthony Pagden; Jeremy Lawrence 
260 |a Cambridge :   |b Cambridge University Press,   |c 1991 
300 |a 399 p. 
490 1 |a Cambridge texts in the history of political thought 
500 |a Includes bibliographical references and index. 
650 0 0 |a Power (Social sciences) 
700 1 |a Pagden, Anthony.  |4 edt 
700 1 |a Lawrance, Jeremy.  |4 edt 
830 0 |a Cambridge texts in the history of political thought 
852 |a INST  |b LESVOS  |e 19940127  |h 303.3 VIT  |p 005100007084  |q 005100007084  |t BK  |y 0 
909 |a Λ  |b 033804